00522nam a22001697a 450000500170000001000130001702000130003003500130004303700160005608200110007210000430008324500670012624600490019326000410024227000460028330000230032920200131164914.0 aA-688049 c20.00a- aA-688049 bDBAD/PUBa- a841.08 aمحمد ا مين ا ند ر ا بی  aا قبا ليا ت 4 cمحمد ا مين ا ند ر ا بی  bIqbaliyat -4 (Urdu)aby mohd. Ameen Indrabi  aSri Nagar bIqbal Institutec1988 ء aKashmir University,bSri Nagar e-k-l- a138 ص c22 Cm(Hb)